| 000 | 00430cam a2200169ua 4500 | ||
|---|---|---|---|
| 020 | _cRs 1.00 | ||
| 041 |
_amal _h |
||
| 082 |
_a894.812 803 _bSAD/KU |
||
| 100 | _aSadasivan, P . | ||
| 245 |
_aKumaranasan : Chila smaranakal / _cP Sadasivan. _hTextual Documents |
||
| 260 |
_aThiruvananthapuram : _bKerala Press , _c1951. |
||
| 300 | _a115 ; . | ||
| 365 | _aRs 1.00 | ||
| 504 | _a | ||
| 942 | _cBK | ||
| 999 |
_c460 _d460 |
||